000 00476nam a2200169 a 4500
001 000024919
005 20200930023441.0
008 110208s2003 dr 000 0 spa d
040 _aDO-SdBNP
_bspa
_cBNPHU
100 1 _aCortés, J. H.
_951161
245 0 _aComo lo hizo Jesús /
_cJ. H. Cortés.
250 _a4a ed.
260 _aSanto Domingo :
_bEditorial Triunfo,
_c2003.
300 _a104 p.
500 _aMétodo fácil y eficaz para grupos pequeños
049 _aBNPD
999 _c24412
_d24412